000 00579cam a2200229 4500
008 090401t1993 xxu||||| |||| 00| 0 eng d
020 _a0852908784
035 _a(Sirsi) u42882
041 _aeng
050 _a658.404
100 _aYoung, T.
245 _aLeading projects.
260 _aLondon
_bIndustrial Society
_c1993
300 _avii,132p. : ill. ; 21cm.
350 _a6.95
490 _aManagers Pocket Guides
650 _aMANAGEMENT
650 _aMANAGEMENT-PROJECT MANAGEMENT
690 _aProject management
_96261
942 _n0
948 _c04/03/1997
999 _c91196
_d91196